Online
Catalog

El proceso de reforma y modernización del Estado en la República Dominicana : (Record no. 665)

MARC details
000 -CABECERA
campo de control de longitud fija 02400nam a2200325 a 4500
001 - NÚMERO DE CONTROL
campo de control 000000669
003 - IDENTIFICADOR DEL NÚMERO DE CONTROL
campo de control DO-SdBNP
005 - FECHA Y HORA DE LA ÚLTIMA TRANSACCIÓN
campo de control 20250621074003.0
008 - DATOS DE LONGITUD FIJA--INFORMACIÓN GENERAL
campo de control de longitud fija 090422s2002 dr r 001 0 spa d
040 ## - FUENTE DE LA CATALOGACIÓN
Centro catalogador/agencia de origen DO-SdBNP
Lengua de catalogación spa
Centro/agencia transcriptor BNPHU
082 ## - NÚMERO DE LA CLASIFICACIÓN DECIMAL DEWEY
Número de clasificación 352.367
Número de documento/Ítem K65p
100 1# - ENTRADA PRINCIPAL--NOMBRE DE PERSONA
Nombre de persona Klinger Pevida, Eduardo
9 (RLIN) 2240
245 13 - MENCIÓN DE TÍTULO
Título El proceso de reforma y modernización del Estado en la República Dominicana :
Resto del título observaciones y comentarios /
Mención de responsabilidad, etc. Eduardo Klinger Pevida.
260 ## - PUBLICACIÓN, DISTRIBUCIÓN, ETC.
Lugar de publicación, distribución, etc. [Santo Domingo] :
Nombre del editor, distribuidor, etc. CONARE :
-- PAIRE,
Fecha de publicación, distribución, etc. 2002.
300 ## - DESCRIPCIÓN FÍSICA
Extensión 147 p. ;
Dimensiones 22 cm.
500 ## - NOTA GENERAL
Nota general Incluye relación de programas y proyectos de reformas.
504 ## - NOTA DE BIBLIOGRAFÍA, ETC.
Nota de bibliografía, etc. Incluye referencias bibliográficas y notas al pie de páginas.
505 0# - NOTA DE CONTENIDO CON FORMATO
Título Introducción --
-- Fundamentos para un debate --
-- La descentralización --
-- La reforma del Estado --
-- La modernización --
-- El dilema entre estado y mercado --
-- Democracia y gobernabilidad --
-- Los objetivos de la reforma --
-- El Conare --
-- Reformas políticas --
-- La Reforma Constitucional --
-- Consideraciones sobre otras reformas políticas --
-- Criterios para la descentralización -- Reforma en la administración pública --
-- Reforma de la justicia --
-- El proceso de modernización del Poder Ejecutivo --
-- Sector educación --
-- Salud pública --
-- Ley de Sevicio Civil y Carrera Administrativa --
-- Reforma y modernización económica --
-- El sector industrial --
-- Reforma arancelaria --
-- Turismo --
-- Problemas financieros --
-- La Contraloría General de la República --
-- Presupuesto --
-- Reforma tributaria --
-- Reforma y modernización de la Secretaría de Estado de Relaciones Exteriores --
-- Modernización del concepto y operatividad de la seguridad --
-- La reforma policial.
590 ## - NOTA LOCAL (RLIN)
Nota local Inventariado,2018/BT
650 #4 - PUNTO DE ACCESO ADICIONAL DE MATERIA--TÉRMINO DE MATERIA
Término de materia o nombre geográfico como elemento de entrada Descentralización administrativa
9 (RLIN) 2241
650 #4 - PUNTO DE ACCESO ADICIONAL DE MATERIA--TÉRMINO DE MATERIA
Término de materia o nombre geográfico como elemento de entrada Reforma parlamentaria
9 (RLIN) 2242
651 #4 - PUNTO DE ACCESO ADICIONAL DE MATERIA--NOMBRE GEOGRÁFICO
Nombre geográfico República Dominicana
Subdivisión general Política Económica
9 (RLIN) 643
651 #4 - PUNTO DE ACCESO ADICIONAL DE MATERIA--NOMBRE GEOGRÁFICO
Nombre geográfico República Dominicana
Subdivisión general Política Militar
9 (RLIN) 2243
651 #0 - PUNTO DE ACCESO ADICIONAL DE MATERIA--NOMBRE GEOGRÁFICO
Nombre geográfico República Dominicana
Subdivisión general Política y gobierno
9 (RLIN) 45
651 #4 - PUNTO DE ACCESO ADICIONAL DE MATERIA--NOMBRE GEOGRÁFICO
Nombre geográfico República Dominicana
Subdivisión general Administración Pública
9 (RLIN) 657
710 1# - PUNTO DE ACCESO ADICIONAL--NOMBRE DE ENTIDAD CORPORATIVA
Nombre de entidad corporativa o nombre de jurisdicción como elemento de entrada República Dominicana. Consejo Nacional de Reforma del Estado
Unidad subordinada Consejo Nacional de la Reforma del Estado (REPÚBLICA DOMINICANA)
9 (RLIN) 64396
710 2# - PUNTO DE ACCESO ADICIONAL--NOMBRE DE ENTIDAD CORPORATIVA
Nombre de entidad corporativa o nombre de jurisdicción como elemento de entrada Programa de Apoyo Inmediato a la Reforma del Estado (REPÚBLICA DOMINICANA)
9 (RLIN) 2245
910 ## - DATOS DE OPCIÓN DEL USUARIO (OCLC)
Datos de opción del usuario Validado. Control de calidad. EMS
942 ## - ELEMENTOS DE PUNTO DE ACCESO ADICIONAL (KOHA)
Fuente del sistema de clasificación o colocación Dewey Decimal Classification
Tipo de ítem Koha Libro
Holdings
Estado de retiro Estado de pérdida Restricciones de uso No para préstamo Código de colección Localización permanente Ubicación/localización actual Ubicación en estantería Fecha de adquisición Número de inventario Total de préstamos Signatura topográfica completa Código de barras Fecha visto por última vez Número de copia Precio válido a partir de Tipo de ítem Koha
    Préstamo en sala   Dominicana de Servicio Biblioteca Nacional Pedro Henríquez Ureña Biblioteca Nacional Pedro Henríquez Ureña Depósito 25.08.2009 LF1   352.367 K65p 669-50 25.06.2020 e. 5 25.06.2020 Libros y folletos
    Préstamo en sala   Dominicana de Servicio Biblioteca Nacional Pedro Henríquez Ureña Biblioteca Nacional Pedro Henríquez Ureña Depósito 25.08.2009 LF1   352.367 K65p 669-30 25.06.2020 e. 3 25.06.2020 Libros y folletos
    Préstamo en sala   Dominicana de Servicio Biblioteca Nacional Pedro Henríquez Ureña Biblioteca Nacional Pedro Henríquez Ureña Depósito 25.08.2009 LF1   352.367 K65p 669-40 25.06.2020 e. 4 25.06.2020 Libros y folletos
      Préstamo restrigido Patrimonio Dominicano Biblioteca Nacional Pedro Henríquez Ureña Biblioteca Nacional Pedro Henríquez Ureña Depósito 25.08.2009 LF1   352.367 K65p 669-10 25.06.2020   25.06.2020 Libros y folletos
      Préstamo restrigido Patrimonio Dominicano Biblioteca Nacional Pedro Henríquez Ureña Biblioteca Nacional Pedro Henríquez Ureña Depósito 25.08.2009 LF1   352.367 K65p 669-20 25.06.2020 e. 2 25.06.2020 Libros y folletos

Powered by Koha